| Tag |
First Indicator |
Second Indicator |
Subfields |
| LEADER |
00000cam a22000001a 4500 |
| 001 |
in00000091642 |
| 005 |
20150923131709.0 |
| 008 |
800124s1965 nyub j 00110 engm |
| 010 |
|
|
|a 65024208
|
| 020 |
|
|
|a 0200719114
|
| 035 |
|
|
|a (OCoLC)01245492
|
| 035 |
|
|
|9 AAK6973AM
|
| 040 |
|
|
|a DLC
|c DLC
|d UtOrBLW
|
| 043 |
|
|
|a n-us---
|
| 049 |
|
|
|a [Curr Col] TXAM
|c [1561881]
|
| 050 |
0 |
0 |
|a E155
|b .A7
|
| 082 |
0 |
|
|a 917.300142
|2 19
|
| 100 |
1 |
|
|a Arnold, Pauline.
|
| 245 |
1 |
0 |
|a How we named our States /
|c by Pauline Arnold and Percival White.
|
| 264 |
|
1 |
|a New York :
|b Criterion Books,
|c [1965]
|
| 264 |
|
4 |
|c ©1965
|
| 300 |
|
|
|a 192 pages :
|b maps ;
|c 22 cm.
|
| 336 |
|
|
|a text
|b txt
|2 rdacontent
|
| 337 |
|
|
|a unmediated
|b n
|2 rdamedia
|
| 338 |
|
|
|a volume
|b nc
|2 rdacarrier
|
| 500 |
|
|
|a Includes index.
|
| 650 |
|
0 |
|a Names, Geographical
|z United States
|x Juvenile literature.
|
| 651 |
|
0 |
|a United States
|x History, Local
|v Juvenile literature.
|
| 700 |
1 |
|
|a White, Percival,
|d 1887-1970.
|
| 999 |
|
|
|a MARS
|
| 999 |
f |
f |
|s 6defbdea-7348-3cd9-8f96-4e1e118b1cda
|i 58c0e256-4ffd-3051-ac9e-8a67dfd1ee83
|t 0
|
| 952 |
f |
f |
|p ric
|a Texas A&M University
|b Rellis Campus
|c Joint Library Facility
|d Remote Storage
|t 0
|e E155 .A7
|h Library of Congress classification
|i unmediated -- volume
|m A14806018197
|
| 998 |
f |
f |
|a E155 .A7
|t 0
|l Remote Storage
|